Missing Word: Preposition Movies II Quiz Stats

 Plays Quiz Updated Aug 8, 2014

Support Sporcle.
Go Orange.
Score 0/22 Timer 03:00
0 Plays Today
Hint Answer % Correct
Gone ____ the Wind (1939)With
98.4%
One Flew ____ the Cuckoo's Nest (1975)Over
97.5%
Lawrence ____ Arabia (1962)Of
96.9%
The Day ____ Tomorrow (2004)After
96.8%
No Country ____ Old Men (2007)For
96.4%
The Nightmare ____ Christmas (1993)Before
96.4%
____ Here to Eternity (1953)From
94.9%
____ in the Air (2009)Up
94.9%
____ All Odds (1984)Against
93.6%
____ the Waterfront (1954)On
92.9%
North ____ Northwest (1959)By
92.2%
Hint Answer % Correct
The Rescuers ____ Under (1990)Down
91.6%
____ Came Polly (2004)Along
91.6%
All ____ Eve (1950)About
90.6%
____ of Africa (1985)Out
87.5%
What Lies ____ (2000)Beneath
86.4%
____ Henry (1991)Regarding
84.7%
____ the Same Moon (2007)Under
63.8%
Brassed ____ (1996)Off
32.2%
____ Borders (2003)Beyond
26.8%
____ the White (2012)Into
25%
The Sea ____ (2004)Inside
11.9%

Today's Daily Dose

You're not logged in!

Compare scores with friends on all Sporcle quizzes.
OR
Log In

From the Vault

Three Letter 'E' Words

by Chenchilla

This won't be as eeeasy as you think.
Remove Ads.
Support Sporcle.
Get the best of Sporcle when you Go Orange. This ad-free experience offers more features, more stats, and more fun while also helping to support Sporcle. Thank you for becoming a member.

Show Comments

Extras

Top Quizzes Today


Score Distribution

Your Account Isn't Verified!

In order to create a playlist on Sporcle, you need to verify the email address you used during registration. Go to your Sporcle Settings to finish the process.

Report this User

Report this user for behavior that violates our Community Guidelines.

Details: